<?xml-stylesheet type="text/xsl" href="MARC21slim2English.xsl"?>
<collection><record><leader>01898nhda 2200409   4500</leader><controlfield tag="005">20040929125049.0</controlfield><controlfield tag="008">990901i19051905nz |||||      |00 ||||| d</controlfield><datafield ind1=" " ind2=" " tag="016"><subfield code="a">urn:nbn:nz:wtu:1%2F2-115915-F</subfield></datafield><datafield ind1="8" ind2=" " tag="024"><subfield code="a">hdl:1727.11/15145</subfield></datafield><datafield ind1=" " ind2=" " tag="035"><subfield code="9">tap:520574</subfield></datafield><datafield ind1=" " ind2=" " tag="040"><subfield code="a">WTU</subfield></datafield><datafield ind1=" " ind2=" " tag="040"><subfield code="e">rad</subfield></datafield><datafield ind1=" " ind2=" " tag="084"><subfield code="a">1/2-115915-F</subfield></datafield><datafield ind1=" " ind2=" " tag="084"><subfield code="b">iid:15145</subfield></datafield><datafield ind1="0" ind2="0" tag="245"><subfield code="a">Maori group at a tangi, at Manaia, Coromandel</subfield><subfield code="n">1/2-115915-F</subfield></datafield><datafield ind1=" " ind2=" " tag="260"><subfield code="c">[ca 1905]</subfield></datafield><datafield ind1=" " ind2=" " tag="300"><subfield code="a">1 b&amp;w original negative(s)</subfield></datafield><datafield ind1=" " ind2=" " tag="300"><subfield code="c">Horizontal image</subfield></datafield><datafield ind1=" " ind2=" " tag="340"><subfield code="a">Single negative</subfield></datafield><datafield ind1=" " ind2=" " tag="351"><subfield code="c">Item</subfield></datafield><datafield ind1=" " ind2="0" tag="440"><subfield code="a">Field, W H :Assorted photographic prints and negatives</subfield><subfield code="n">PAColl-0700</subfield></datafield><datafield ind1=" " ind2=" " tag="506"><subfield code="a">Not restricted</subfield></datafield><datafield ind1="8" ind2=" " tag="520"><subfield code="a">Maori group at a tangi, alongside a meeting house at Manaia, Coromandel Peninsula, photographed circa 1905. The words written above the door of the meeting house are: "Rahera Titia". Date unknown. Photograph possibly taken by W H Field.</subfield></datafield><datafield ind1=" " ind2=" " tag="533"><subfield code="a">File print available in Turnbull Library Pictures</subfield><subfield code="n">572. Maori. Funeral rites. Tangis</subfield><subfield code="f">(PFP-017656)</subfield></datafield><datafield ind1=" " ind2=" " tag="580"><subfield code="a">PART OF COLLECTION</subfield></datafield><datafield ind1=" " ind2=" " tag="580"><subfield code="a">ISSUABLE Item</subfield></datafield><datafield ind1="2" ind2=" " tag="648"><subfield code="a">1905</subfield></datafield><datafield ind1=" " ind2="4" tag="650"><subfield code="a">Maori - Funeral customs and rites</subfield><subfield code="3">tap:97565</subfield></datafield><datafield ind1=" " ind2="4" tag="650"><subfield code="a">Maori - Meeting houses - New Zealand - Waikato Region</subfield><subfield code="3">tap:322037</subfield></datafield><datafield ind1=" " ind2="4" tag="650"><subfield code="a">Maori - New Zealand - Waikato Region</subfield><subfield code="3">tap:3211</subfield></datafield><datafield ind1=" " ind2="4" tag="651"><subfield code="a">Manaia</subfield><subfield code="3">tap:338123</subfield></datafield><datafield ind1="1" ind2="8" tag="772"><subfield code="t">Field, W H :Assorted photographic prints and negatives</subfield><subfield code="w">PAColl-0700</subfield></datafield><datafield ind1=" " ind2=" " tag="850"><subfield code="a">Alexander Turnbull Library, Wellington, New Zealand</subfield></datafield><datafield ind1="8" ind2=" " tag="852"><subfield code="b">Photographic Archive</subfield><subfield code="h">1/2-115915-F</subfield></datafield><datafield ind1="4" ind2="1" tag="856"><subfield code="u">http://digital.natlib.govt.nz/get/15145?profile=thumb</subfield><subfield code="x">Thumbnail</subfield><subfield code="y">Thumbnail for resource</subfield></datafield><datafield ind1="4" ind2="1" tag="856"><subfield code="u">http://digital.natlib.govt.nz/get/15145?profile=access</subfield><subfield code="x">AccessFormat</subfield><subfield code="y">Link to electronic resource</subfield></datafield><datafield ind1="4" ind2="1" tag="856"><subfield code="u">http://digital.natlib.govt.nz/get/15145?role=PM</subfield><subfield code="x">Preservation</subfield><subfield code="y">Link to preservation copy [restricted access]</subfield></datafield></record></collection>